| 000 | 00771nam a22002417a 4500 | ||
|---|---|---|---|
| 001 | 19753 | ||
| 003 | BD-RjUL | ||
| 005 | 20211209000455.0 | ||
| 008 | 140225s1987 ii ||||| |||| 00| 0 eng d | ||
| 020 | _a 9780070416727 | ||
| 035 | _a(BD-RjUL)19814 | ||
| 040 |
_aBD-RjUL _beng _cBD-RjUL |
||
| 041 | _aeng | ||
| 082 |
_a657 _bMEA 1987 |
||
| 100 |
_a Meigs , Walter B _qWalter B Meigs _960693 |
||
| 245 |
_aAccounting work sheets for use with Accounting : _b the basis for business decisions, Group A problems/group B problems, chapters 1-15 / _cWalter B Meigs |
||
| 250 | _a7th ed | ||
| 260 |
_aNew York : _bMcGraw-Hill Pub. Co., _c©1987. |
||
| 300 |
_a1 v. : _bforms ; _c28 cm. |
||
| 650 | _2 Accounting. | ||
| 700 |
_aRobert F Meigs. _960694 |
||
| 942 |
_2ddc _cBK |
||
| 999 |
_c19753 _d19753 |
||